000 nam a22 a 4500
999 _c346735
_d346735
003 BLK
005 20220429171258.0
008 191122b bu ||||| |||| 00| 0 bu d
020 _a9786192320522
040 _aBLK
041 _aBUL
_cBUL
080 _b006:657
_z006:657
080 _aСчетоводство. Счетоводни системи и операции, водене на сметките, журнал-ордер и др.
_b657
_z657
100 _aФесчиян, Даниела Милчова
_eпърви автор
_91299
139 _aФесчиян, Даниела Милчова
_bФ 41
245 _aСтандартизацията на счетоводството и модели за отчитане на дълготрайните материални активи в публичния сектор
_cДаниела Фесчиян
250 _a3 доп. и прераб. изд.
260 _9395606
_aСофия
_bИзд. комплекс - УНСС
_c2018
300 _a270 с.
_c24 см
380 _a0
650 0 _9247495
_aСчетоводна отчетност
650 0 _9256599
_aАмортизация - в счетоводната отчетност
653 7 _9190801
_aмеждународни стандарти
942 _cKNG
_n0
_s1
_01
944 _aCR
_c2019-11-22
_kВ. Р.
999 _d346735